000 00198 a2200097 4500
001 1166
100 _aCroft, T.
245 _aPractical electricity
260 _a
_bMcgrawhill
_c
090 _c728
_d728
942 _aNUST-CAE
_cM
_c33911
999 _c236239
_d236239